Connecticut Geography Quiz - Sudden Death - Statistics

General Stats
  • This quiz has been taken 298 times
  • The average score is 13 of 20
Answers on the Grid
Answers color-coded by a green-red scale on the quiz's grid according to % correct below.
Appalachian Trail
Atlantic Ocean
Bear Mountain
Boston Harbor
Bridgeport
Cape Cod
Cascade Mountains
Connecticut River
Danbury
Delaware Bay
Delmarva Peninsula
Finger Lakes
Four Corners
Great Plains
Greenwich
Hartford
Harvard University
Hudson River
Lake Champlain
Lake Ontario
Litchfield
Long Island
Long Island Sound
Manhattan
Mojave Desert
Mount Katahdin
Mount Washington
New Britain
New England
New Haven
Northwest Hills
Norwich
Outer Banks
St. Lawrence River
Stamford
Taconic Range
Upper Peninsula
Waterbury
Windsor Locks
Yale University
 
Answer Stats
Answer % Correct
Hartford
84%
Connecticut River
83%
Bridgeport
82%
Danbury
79%
Atlantic Ocean
77%
Greenwich
77%
New Haven
70%
Yale University
70%
New England
68%
Waterbury
68%
Stamford
66%
Litchfield
63%
New Britain
63%
Norwich
63%
Long Island Sound
60%
Windsor Locks
56%
Appalachian Trail
52%
Bear Mountain
44%
Northwest Hills
32%
Taconic Range
30%
No matching quizzes found
Score Distribution
Percent of People with Each Score
Percentile by Number Answered
Your Score History
You have not taken this quiz